000 00831nmm a2200277 a 4500
001 ocm000565201
003 TR-IsHL
005 20201028121357.0
008 130705s2005 tu tur
007 cr cn
020 _a9789759129453
035 _a565201
_b(N$T)
050 0 4 _aPL248.Ü58
_bT8 2005
090 0 4 _aPL248.Ü58
_bT8 2005
100 1 _aÜnver, İsmail
245 1 0 _aTurkeyland
_h[electronic resource] /
_cİsmail Ünver
250 _a1. bs.
260 _aİstanbul :
_bAkis Kitap,
_c2005
300 _a152 p.
650 4 _aDil ve Edebiyat
650 4 _aLanguage and Literature
650 0 _aTürk romanı
650 0 _aTurkish fiction
650 7 _aLITERARY COLLECTIONS / Middle Eastern
_2bisacsh
856 4 0 _uhttp://search.ebscohost.com/login.aspx?direct=true&scope=site&db=e011xww&AN=565201
999 _c1291
_d1291